00674 2200217 4500001002100000005001700021008004100038035002400079082001200103090002000115245012600135260005100261300002600312650002000338710003700358850001200395980001300407985000600420999001500426999001500441YOGYA-0209000002708020090227024119.0 ind  0010-020900000027080 a332.673 a332.673bSurlQ aSURAT keputusan ketua badan koordinasi penanaman modal nomor: 10/S.K./1985 tentang tata cara permohonan perstujuan dan .. a[s.l.]bBadan Koordinasi Penanaman Modalc1985 a[40] hlmbilusc30 cm aInvestasi asing aBadan Koordinasi Penanaman Modal aYOPDYOG a18-01-07 a2 a06A0019739 a06A0019740